Finanzarchiv

Enregistré dans:
Détails bibliographiques
Format: Publication en série
Langue:allemand
Publié: Tübingen Mohr 1980
Tags: Ajouter un tag
Pas de tags, Soyez le premier à ajouter un tag!

MARC

LEADER 00000nas2a2200000 4500
001 s122998
005 20250730114212.8
041 0 |a ger 
044 |a DE 
245 1 0 |a Finanzarchiv 
264 1 |a Tübingen  |b Mohr  |c 1980 
300 |a 1 zv. 
773 0 |w eu_un_cat*s122725